Obrazy z dějin církevních : učebnice i čítanka pro ústavy učitelské a lycea /

Hlavní autor: Janovský, František, 1860-1918
Další autoři: Müller, Václav, 1865-1931
Jazyk: Čeština
Vydáno: Praha : Kotrba, 1910
Fyzický popis: 207 s.
Knihy
Uloženo v:
LEADER 00837nam a22002172a 4500
001 000413967
003 CZ BrMZK
005 20151211095652.0
007 ta
008 010825s1910 xr f cze d
040 |a BOA001  |b cze 
100 1 |a Janovský, František,  |d 1860-1918  |7 jk01051107  |4 aut 
245 1 0 |a Obrazy z dějin církevních :  |b učebnice i čítanka pro ústavy učitelské a lycea /  |c František Janovský - Václav Müller 
260 |a Praha :  |b Kotrba,  |c 1910 
300 |a 207 s. 
700 1 |a Müller, Václav,  |d 1865-1931  |7 jk01082445  |4 aut 
910 |a BOA001  |b PK-II-0006.975  |b 2-0255.536 
990 |a BK 
993 |a Y 
996 6 |b 2618724009  |c 2-0255.536  |l MZK  |r Sklad / do 24 hodin  |n 0  |w 000413967  |u 000030  |a 1  |e BOA001  |j MZK50  |s P 
996 6 |b 3119822952  |c PK-II-0006.975  |l MZK  |r Sklad / do 1 hodiny  |n 0  |w 000413967  |u 000010  |a 1  |e BOA001  |j MZK50  |s P